000 00464nam a22001937a 4500
003 MPLRDC
005 20220104123600.0
008 210129b ||||| |||| 00| 0 eng d
020 _a957-9061-98-X
082 _a782.886 PSH
100 _a彭素华
245 _a名人档案
_c
250 _a初版
260 _a
_b知青频道出版有限公司
_c1993
300 _b
490 _a人物传真. 1
650 _a台湾传记
942 _cBK
_o782.886 PSH
999 _c12553
_d12543